000 00651nam a2200181Ia 4500
003 GCL
008 140319s9999 xx 000 0 ara d
040 _aGCL /
_cGCL
082 0 4 _aط
_b813.02
_bج ق
100 1 _aجميل يوسف
245 1 0 _aقصص وعلوم ممتعة-الرقاص النافع-فرن جحا -كنز000وكنوز-العناد العجيب-هاوى المرايا /
_cجميل يوسف
260 _aالقاهرة :
_bمؤسسة الخليج العربى ،
_c1988
300 _a ؛
_c24 سم
490 _aقصص وعلوم ممتعة
_v0
650 0 4 _aالاطفال
650 0 4 _aقصص الاطفال
942 _2ddc
_cBK
999 _c46298
_d46298